000 00657nam a2200241Ia 4500
003 OSt
005 20221007071803.0
006 a|||||r|||| 00| 0
007 ta
008 221006b |||||||| |||| 00| 0 eng d
024 _a29,181
037 _cTextual
040 _aFLL
_cFLL
_beng
041 _2eng
_aeng
082 _aV41.N7, M1
100 _aWaller Derek J.
245 0 _aGoverment and politics of the people's republic of China
250 _a3rd
260 _aLondon
_bHutchinson & Co. (Publishers) Ltd. London
_c1981
300 _a228p
_ccm.
942 _hV41.N7, M1
_cTEXL
_2CC
999 _c1144323
_d1144323